El fantasma de Canterville /

Guardado en:
Autor Principal: Wilde, Oscar.
Otros Autores: Senonez, Oscar; il.
Formato: Libro
Idioma:Undetermined
Publicado: Buenos Aires : Letra impresa, 2017.
Edición:1a ed.
Series:Fernández, Carolina; trad.
Materias:
Etiquetas: Agregar Etiqueta
Sin Etiquetas, Sea el primero en etiquetar este registro!
LEADER 00729nam a22002175a 4500
001 CEM.cems021262
008 240627s2017####ag############000#0#und#d
005 20240627160919.0
245 1 0 |a El fantasma de Canterville /  |c Oscar Wilde ; ilustrado por Oscar Senonez ; traducido por Carolina Fernández. 
250 |a 1a ed. 
260 |a Buenos Aires :  |b Letra impresa,  |c 2017. 
300 |a 104 p. 
490 1 |a La puerta secreta ;  |v 36 
020 |a 9789874419064 
100 1 |a Wilde, Oscar. 
700 1 |a Senonez, Oscar; il. 
830 0 |a Fernández, Carolina; trad. 
653 |a Novela juvenil 
653 |a Literatura juvenil 
653 |a Literatura irlandesa 
859 |a CEMS  |b BIB. CEMS - Inicial y Primaria  |h 891.628  |i W644-5  |k IP  |p 6841  |t Ej.1